Economic Survey 1989 (Record no. 367)

MARC details
000 -LEADER
fixed length control field 00417nam a22001217a 4500
008 - FIXED-LENGTH DATA ELEMENTS--GENERAL INFORMATION
fixed length control field 230605b xxu||||| |||| 00| 0 eng d
082 ## - DEWEY DECIMAL CLASSIFICATION NUMBER
Classification number 330.6762
Item number GOK
100 ## - MAIN ENTRY--PERSONAL NAME
Titles and words associated with a name Central Bureau of Statistics Ministry of Planning and National Development
Dates associated with a name 1989
245 ## - TITLE STATEMENT
Title Economic Survey 1989
260 ## - PUBLICATION, DISTRIBUTION, ETC. (IMPRINT)
Place of publication, distribution, etc. Nairobi
Name of publisher, distributor, etc. Central Bureau of Statistics Ministry of Planning and National Development
300 ## - PHYSICAL DESCRIPTION
Extent v;157 p
942 ## - ADDED ENTRY ELEMENTS (KOHA)
Source of classification or shelving scheme Dewey Decimal Classification
Koha item type Books
Holdings
Withdrawn status Lost status Source of classification or shelving scheme Damaged status Not for loan Home library Current library Date acquired Total Checkouts Full call number Barcode Date last seen Price effective from Koha item type
    Dewey Decimal Classification     Bunge Tower Library Bunge Tower Library 06/08/2023   330.6762 GOK 100001425 06/08/2023 06/08/2023 Books
LIBRARY OPENING HOURS

When the Parliament is sitting: 8.00a.m - 7.00p.m or until the house adjourns
Mondays and Fridays and when the House is on Recess:  8.00a.m - 5.00p.m
Closed on Weekends and Public Holidays

Online Public Access Catalog (OPAC)
Website: http://www.parliament.go.ke
Bunge Library: https://libraryir.parliament.go.ke
Contact: library@parliament.go.ke | Tel no: (254-2)2221291 or 2848000 Ext 5043